La condición jurídica del nasciturus en el derecho español

Guardat en:
Dades bibliogràfiques
Autor principal: Maldonado y Fernández del Torco, José (autor)
Format: Llibre
Idioma:espanyol
Publicat: Madrid Instituto Nacional de Estudios Jurídicos 1946
Col·lecció:Monografías del Derecho Español, 2
Matèries:
Etiquetes: Afegir etiqueta
Sense etiquetes, Sigues el primer a etiquetar aquest registre!

MARC

LEADER 00000nam a2200000 a 4500
001 UCR2526
003 CL-VaPUC
008 980112e19460000SP |||||||||||||||||spa|d
082 0 4 |a 349.46  |b MAL  |2 21 
100 |a Maldonado y Fernández del Torco, José  |e autor  |9 400424 
245 1 3 |a La condición jurídica del nasciturus en el derecho español 
300 |a 270 p 
942 |c BK 
945 |d 19980112 00:00:00  |a crobeson 
260 |a Madrid  |b Instituto Nacional de Estudios Jurídicos  |c 1946 
650 7 |a NACIMIENTO  |2 CL-VaPUC  |9 310887 
650 0 |a Derecho privado  |9 258243 
650 0 |a Derecho español  |9 255291 
650 0 |a Derecho romano  |9 255930 
650 0 |a Código civil  |9 256135 
651 0 |a España  |9 254926 
583 |a last modification  |c 19980112 00:00:00  |k Rodrigo Vera 
490 0 |a Monografías del Derecho Español, 2 
999 |c 265661  |d 265659 
952 |0 0  |1 0  |4 0  |6 349_460000000000000_MAL_1946  |7 0  |8 DER_HIS  |9 296677  |a BIBDER  |b BIBDER  |d 2019-11-20  |i 1924826  |o 349.46 MAL 1946  |p 1924826  |r 2023-01-25  |w 2019-11-20  |x Ubicación 4to Piso  |y BK  |z Estos recursos deben solicitarse con anticipación  |k DER